000 00786nam a2200241 i 4500
001 bg
100 1 _aZabłocki, Wiesław.
245 1 0 _aModelowanie stacyjnych systemów sterowania ruchem kolejowym /
_cWiesław Zabłocki.
260 _aWarszawa :
_bOficyna Wydawnicza Politechniki Warszawskiej,
_c2008.
300 _a180, [1] s. :
_bil. ;
_c24 cm.
500 _aOpis wg okł. Tyt. nagł. serii : Prace Naukowe Politechniki Warszawskiej.
504 _aBibliogr. s. 157-162.
546 _aStreszcz. ang.
650 9 _aTransport kolejowy
_xsterowanie
650 9 _aSymulacja
_xstosowanie
_xtechnika
022 _a12309265
040 _cBPK
041 0 _apol
_beng
044 _aPOL
080 _a656.2:519.87:004.94
942 _cKS
008 090630s2008 pl |000 0 pol
999 _c56163
_d56163
856 _uhttp://koha.tu.koszalin.pl/cgi-bin/koha/opac-detail.pl?biblionumber=56163
_yKatalog online BPK